000 00409pab a2200157 454500
008 180718b1998 xxu||||| |||| 00| 0 eng d
100 _aVarma, Jayanth R.
245 _aIndian financial sector reforms: a corporate perspective
260 _c1998
300 _ap.27-38
362 _aJan-Mar
650 _aIndia - Financial policy
650 _aFinancial institutions
773 _aVikalpa
909 _a38997
999 _c38997
_d38997